LEADER 00769nam0-22002771i-450- 001 990001665100403321 005 20050511103033.0 035 $a000166510 035 $aFED01000166510 035 $a(Aleph)000166510FED01 035 $a000166510 100 $a20030910d1854----km-y0itay50------ba 101 0 $afre 200 1 $aGuide du cultivateur ameliorateur$fE. Lecouteux 210 $aParis$cDusacq$d1854 215 $a346 p.$d23 cm 610 0 $aAgricoltura$aEnciclopedie 676 $a630.3 700 1$aLecouteux,$bEdouard$f<1819-1893>$068290 801 0$aIT$bUNINA$gRICA$2UNIMARC 901 $aBK 912 $a990001665100403321 952 $a60 630.2 B 10$b579$fFAGBC 959 $aFAGBC 996 $aGuide du cultivateur ameliorateur$9373199 997 $aUNINA LEADER 00987nam0-22003131i-450- 001 990005480720403321 005 20061220103549.0 035 $a000548072 035 $aFED01000548072 035 $a(Aleph)000548072FED01 035 $a000548072 100 $a19990604d1968----km-y0itay50------ba 101 0 $aita 105 $af-------00--- 200 1 $a<>terra di S. Benedetto$estudio storico-giuridico sull'Abbazia di Montecassino dall'8. al 13. secolo$fLuigi Fabiani 210 $aMontecassino$cBadia di Montecassino$d1968 215 $a2 v., tav.$d27 cm 225 1 $aMiscellanea cassinese$v33 610 0 $aAbbazia di Montecassino 676 $a271.1$v21$zita 700 1$aFabiani,$bLuigi$0212051 801 0$aIT$bUNINA$gRICA$2UNIMARC 901 $aBK 912 $a990005480720403321 952 $a271.1 FAB 1 (1)$bST. ARTE 10606$fFLFBC 952 $a271.1 FAB 1 (2)$bST. ARTE 10606$fFLFBC 959 $aFLFBC 996 $aTerra di S. Benedetto$9150804 997 $aUNINA LEADER 02937nam 2200577 450 001 9910816233703321 005 20220528094344.0 010 $a3-96456-020-0 024 7 $a10.31819/9783964560209 035 $a(CKB)4100000008167675 035 $a(DE-B1597)516864 035 $a(OCoLC)1100452032 035 $a(DE-B1597)9783964560209 035 $a(MiAaPQ)EBC6469332 035 $a(Au-PeEL)EBL6469332 035 $a(OCoLC)1237405192 035 $a(MiAaPQ)EBC6769659 035 $a(OCoLC)1252202872 035 $a(FlNmELB)ELB173531 035 $a(EXLCZ)994100000008167675 100 $a20220528d2006 uy 0 101 0 $aspa 135 $aur||#|||||||| 181 $ctxt$2rdacontent 182 $cc$2rdamedia 183 $acr$2rdacarrier 200 10$aLetras Del Reino de Chile /$fCedomil Goic 210 1$aMadrid :$cIberoamericana ;$aFrankfurt am Main :$cVervuert,$d[2006] 210 4$d©2006 215 $a1 online resource (336 p.) 225 1 $aBiblioteca Indiana ;$v6 311 0 $a84-8489-254-9 320 $aBibliografi?a: pa?ginas [325]-332. 327 $tFront matter --$tÍNDICE --$tINTRODUCCIÓN --$tI. Retórica de las cartas de Pedro de Valdivia --$tII. La carta VIII de Pedro de Valdivia: retórica y representación --$tIII. Poética del exordio en La Araucana --$tIV. La tópica de la conclusión en Ercilla --$tV La Araucana de Alonso de Ercilla: unidad y diversidad --$tVI. Poetización del espacio, espacios de la poesía --$tVII. Retórica de la conclusión en la poesía hispanoamericana colonial: el caso Ercilla --$tVIII. Poesía del descubrimiento de América --$tIX. Ercilla y Cervantes: imágenes en suspenso --$tX. Edición crítica de Cautiverio feliz --$tXI. Un inédito de Francisco Núñez de Pineda y Bascuñán --$tXII. Mezclando la pluma y la espada: poesía y retórica de Cautiverio feliz --$tXIII. Francisco Núñez de Pineda y Bascuñán y otros. Poesía del Reino de Chile: siglo XVII --$tXIV. Bibliografía de Francisco Núñez de Pineda y Bascuñán --$tXV. Testamentos chilenos de los siglos XVI y XVII y orden estamental --$tBIBLIOGRAFÍA 330 $aConjunto de textos sobre literatura colonial en la Capitanía General y Gobernación de Chile. Trata, entre otros, escritos de Pedro de Valdivia, Alonso de Ercilla y Francisco Núñez de Pineda y Bascuñán. 410 0$aBiblioteca indiana ;$v6. 606 $aChilean literature$yTo 1800$xHistory and criticism 607 $aChile$xHistory$y1565-1810 610 $aLiteratura espan?ola$aChile$aS. XVI-XVIII$aHistoria y cri?tica 615 0$aChilean literature$xHistory and criticism. 676 $a860.9983 686 $a15.85$2bcl 686 $a18.33$2bcl 700 $aGoic?$b Cedomil$0156996 801 0$bMiAaPQ 801 1$bMiAaPQ 801 2$bMiAaPQ 906 $aBOOK 912 $a9910816233703321 996 $aLetras Del Reino de Chile$93940623 997 $aUNINA